| 000 | 00772cab a2200265 4500 | ||
|---|---|---|---|
| 001 | WB3026-35 | ||
| 008 | 090401t1994 xxu||||| |||| 00| 0 eng d | ||
| 035 | _a(Sirsi) u80130 | ||
| 041 | _aeng | ||
| 245 | _aOceans yield up their treasure | ||
| 260 | _c1994 | ||
| 350 | _a0 | ||
| 490 |
_aFinancial Times _v7 July 1994, 32(1) |
||
| 520 | _aAn international code of conduct for seabed mining has been agreed. The International Seabed Authority will be a new UN agency. | ||
| 650 | _aCODE OF CONDUCT | ||
| 650 | _aINTERNATIONAL SEABED AUTHORITY | ||
| 650 | _aMINING | ||
| 650 | _aSEABED MINING | ||
| 650 | _aUN LAW OF THE SEA CONVENTION | ||
| 650 | _aUNCLOS | ||
| 650 | _aUNITED NATIONS | ||
| 690 | _aMARINE RESOURCES | ||
| 942 | _n0 | ||
| 948 | _c04/03/1997 | ||
| 999 |
_c50433 _d50433 |
||